Bilder nach Land - Neuseeland - Statistiken

Allgemein
  • Dieses Quiz wurde 28 mal gespielt
  • Das Durchschnittsergebnis liegt bei 8 aus 16
Antwortstatistiken
Bildquiz Hint Antwort % Korrekt
(Stadt) Auckland
92%
(Bevölkerungsgruppe) Māori
88%
(Nationaltier) Kiwi
85%
(Tanz) Haka
69%
(Gebirge) Neuseeländische Alpen
69%
(Rugbynationalmannschaft) All Blacks
62%
(fiktives Herr der Ringe-Dorf) Hobbingen
62%
(Fjord) Milford Sound
54%
(Stadt) Queenstown
50%
(Berg) Aoraki
42%
(Regisseur) Peter Jackson
38%
(Gletscher) Franz-Josef-Gletscher
31%
(See) Lake Wānaka
31%
(Nationalpark) Abel-Tasman-Nationalpark
23%
(Wissenschaftler) Ernest Rutherford
12%
(Süßspeise) Pavlova
12%
Keine übereinstimmenden Quizze gefunden
Verteilung der Resultate
Anzahl Personen mit jedem Resultat
Perzentil nach korrekt beantworteten Fragen
Ihre Resultats-Entwicklung
Sie haben dieses Quiz noch nicht gespielt